00219nam a2200085Ia 4500001000800000005001700008008004100025245003500066260003200101120512120250827022741.0250824s9999 xx 000 0 und d 0aŞERMİN cTEVFİK FİKRET bK.B.B. KÜLTÜR YAYINLARI